[Event "Let's Play Chess!"]
[Site "http://www.queenalice.com/game.php?id=518239"]
[Date "2009.1.7"]
[Round "-"]
[White "brooknewton"]
[Black "GeorgeAlexander"]
[Result "0-1"]
[WhiteElo "1532"]
[BlackElo "1520"]

1. e4 d6 2. g4 Nf6 3. f3 Be6 4. c4 Nc6 5. a3 Nd4 6. b4 Qd7 7. Bb2 c5 8. b5 g6 9.
h4 b6 10. e5 dxe5 11. h5 Bh6 12. hxg6 fxg6 13. Rxh6 e4 14. a4 exf3 15. Nxf3 Bxg4
16. Bxd4 cxd4 17. Ne5 Qe6 18. Be2 Qxe5 19. Rh2 Qxh2 20. Bxg4 Qg1+ 21. Ke2 Qxg4+
22. Ke1 Qe4+ 23. Qe2 Qxe2+ 24. Kxe2 h5 25. Kd3 O-O-O 26. Kc2 d3+ 27. Kd1 e5 28.
Nc3 h4 29. Kc1 h3 30. Kb2 h2 31. Rh1 g5 32. Nd1 Ne4 33. Kb3 Nxd2+ 34. Kc3 Nxc4
35. Kxc4 d2 36. Kc3 Rh3+ 37. Kc2 g4 38. Nf2 d1=Q+ 39. Nxd1 Rxd1 40. Kxd1 g3 41.
Re1 h1=Q 42. Rxh1 Rxh1+ 43. Ke2 g2 44. Kf2 g1=Q+ 0-1

[Event "AUTO-INT-1019"]
[Site "http://www.queenalice.com/game.php?id=521019"]
[Date "2009.1.12"]
[Round "2"]
[White "LeoDZeppelin"]
[Black "GeorgeAlexander"]
[Result "1-0"]
[WhiteElo "1631"]
[BlackElo "1510"]

1. e4 Nf6 2. e5 Ne4 3. Qf3 d5 4. d3 Bf5 5. dxe4 dxe4 6. Qxf5 Qd5 7. Nc3 Qd4 8.
Be3 Nc6 9. Bxd4 Nxd4 10. Qxe4 c5 11. O-O-O f5 12. Qxb7 Rd8 13. Bb5+ Kf7 14. Bc4+
Kg6 15. Nd5 e6 16. Nf4+ Kg5 17. Ngh3+ Kh6 18. Nxe6 Nxe6 19. Bxe6 Re8 20. Qc6 1-0

[Event "AUTO-INT-1019"]
[Site "http://www.queenalice.com/game.php?id=521020"]
[Date "2009.1.12"]
[Round "2"]
[White "GeorgeAlexander"]
[Black "LeoDZeppelin"]
[Result "1-0"]
[WhiteElo "1536"]
[BlackElo "1483"]

1. d3 e5 2. Nf3 Nc6 3. Bg5 Be7 4. Qd2 d6 5. Nc3 Bg4 6. Nd5 Bxg5 7. Qxg5 Bxf3 8.
Qxd8+ Rxd8 9. gxf3 Rd7 10. Bh3 f5 11. Bxf5 Rd8 12. e4 Nf6 13. Nxf6+ gxf6 14.
O-O-O Nd4 15. Bg4 h5 16. Bh3 Nxf3 17. c3 Rg8 18. d4 Ke7 19. Rd3 Ng5 20. Rg1 Nxe4
21. Rxg8 Rxg8 22. Rf3 b6 23. b4 Rg1+ 24. Kb2 a5 25. a3 axb4 26. cxb4 c5 27. dxe5
fxe5 28. Bf5 Re1 29. Re3 Rxe3 30. fxe3 Nf2 31. h4 1-0

[Event "AUTO-INT-1019"]
[Site "http://www.queenalice.com/game.php?id=521025"]
[Date "2009.1.12"]
[Round "2"]
[White "GeorgeAlexander"]
[Black "Wecker"]
[Result "1/2-1/2"]
[WhiteElo "1552"]
[BlackElo "1761"]

1. b3 e5 2. c4 Bc5 3. Nf3 Nc6 4. Bb2 d6 5. d4 exd4 6. Nxd4 Nxd4 7. Bxd4 Bf5 8.
Bxg7 Qh4 9. g3 Qe4 10. f3 Qe3 11. Bxh8 Qf2+ 12. Kd2 Qe3+ 13. Ke1 Qf2+ 14. Kd2
Qe3+ 15. Ke1 Qf2+ 16. Kd2 1/2-1/2

[Event "AUTO-INT-1019"]
[Site "http://www.queenalice.com/game.php?id=521026"]
[Date "2009.1.12"]
[Round "2"]
[White "Wecker"]
[Black "GeorgeAlexander"]
[Result "1-0"]
[WhiteElo "1665"]
[BlackElo "1511"]

1. e4 Nf6 2. Nc3 b6 3. Bc4 g6 4. d4 Nc6 5. Be3 d6 6. Nge2 Ng4 7. O-O Bh6 8. h3
Bxe3 9. fxe3 Nxe3 10. Bxf7+ Kd7 11. Qd3 Nxf1 12. d5 Nb4 13. Qb5+ c6 14. dxc6+
Nxc6 15. Be6+ Ke8 16. Qxc6+ Bd7 17. Bxd7+ Kf8 18. Rxf1+ Kg7 19. Rf4 e5 20. Rg4
h5 21. Rg3 Qf6 22. Nd5 Qf7 23. Bf5 Rh6 24. Qxa8 h4 25. Rg4 a5 26. Qc6 Rh5 27.
Qxd6 Kh6 28. Rxg6+ 1-0

[Event "Challenge"]
[Site "http://www.queenalice.com/game.php?id=522127"]
[Date "2009.1.14"]
[Round "-"]
[White "bingchess"]
[Black "GeorgeAlexander"]
[Result "1-0"]
[WhiteElo "1581"]
[BlackElo "1541"]

1. d4 d5 2. e3 Nf6 3. Be2 Nc6 4. Bb5 Bg4 5. Bxc6+ bxc6 6. Nf3 Ne4 7. O-O f5 8.
h3 Qd6 9. Nc3 O-O-O 10. Qd3 Bxf3 11. gxf3 e5 12. fxe4 fxe4 13. Qe2 Qg6+ 14. Qg4+
Qxg4+ 15. hxg4 c5 16. dxe5 d4 17. Nxe4 dxe3 18. Bxe3 Rd5 19. e6 h5 20. Bg5 Bd6
21. c4 Re5 22. Rfe1 Rxe6 23. Nxd6+ Rxd6 24. Re7 h4 25. Rxg7 Rd4 26. b3 Rxg4+ 27.
Kh2 h3 28. Bf6 Rg2+ 29. Rxg2 hxg2+ 30. Bxh8 1-0

[Event "Let's Play Chess!"]
[Site "http://www.queenalice.com/game.php?id=530644"]
[Date "2009.1.28"]
[Round "-"]
[White "brooknewton"]
[Black "GeorgeAlexander"]
[Result "1-0"]
[WhiteElo "1481"]
[BlackElo "1560"]

1. e4 d5 2. e5 c5 3. d4 e6 4. c4 Nc6 5. Ne2 Qa5+ 6. Nbc3 cxd4 7. Nxd4 Nxd4 8.
Qxd4 Bc5 9. Qd2 d4 10. Nb5 Qxd2+ 11. Bxd2 Bb6 12. b4 Bd7 13. c5 a6 14. a4 Bxb5
15. axb5 Bc7 16. bxa6 Bxe5 17. Bb5+ Kf8 18. O-O d3 19. Rad1 bxa6 20. Ba4 Nf6 21.
Rfe1 Ng4 22. h3 Bh2+ 23. Kf1 Ne5 24. Bc3 f6 25. g3 Kf7 26. Re3 Rad8 27. Kg2 g5
28. Kxh2 h5 29. f4 Ng6 30. fxg5 e5 31. Rdxd3 fxg5 32. Bxe5 Nxe5 33. Bb3+ Kf6 34.
Rd5 Rxd5 35. Bxd5 g4 36. Ra3 Rd8 37. Rxa6+ Kf5 38. Be6+ Ke4 39. Kg2 Rd2+ 40. Kh1
Rd1+ 41. Kg2 Nf3 42. hxg4 h4 43. Bf5+ Ke5 44. Kxf3 h3 45. Re6+ Kd5 46. Rd6+ 1-0

[Event "Game"]
[Site "http://www.queenalice.com/game.php?id=535146"]
[Date "2009.2.5"]
[Round "-"]
[White "GeorgeAlexander"]
[Black "JAmaro"]
[Result "0-1"]
[WhiteElo "1541"]
[BlackElo "1504"]

1. d4 d5 2. Nc3 e6 3. e4 g6 4. Nf3 Bg7 5. Bb5+ Bd7 6. a4 Bxb5 7. Nxb5 a6 8. Nc3
Nf6 9. Ne5 Nbd7 10. f3 Nxe5 11. dxe5 Nd7 12. exd5 exd5 13. Bg5 Qxg5 14. Qxd5
Qxe5+ 15. Qxe5+ Bxe5 16. O-O-O O-O 17. Rxd7 Rab8 18. Nd5 Rbd8 19. Ne7+ Kh8 20.
Rhd1 Bf4+ 21. Kb1 Rxd7 22. Rxd7 Bxh2 23. Nd5 Kg7 24. Nxc7 Bxc7 25. Rxc7 Re8 26.
Rxb7 Re2 27. g4 Rf2 28. Rb3 h5 29. gxh5 gxh5 30. c4 h4 31. Rc3 h3 32. Rc1 Rxf3
33. c5 h2 34. c6 Re3 35. Rh1 Re6 36. c7 Rc6 37. Rxh2 Rxc7 38. Rc2 Rb7 39. Rc5
Kg6 40. Ra5 f5 41. Rxa6+ Kg5 42. a5 f4 43. Rb6 Ra7 0-1

[Event "Let's Play Chess!"]
[Site "http://www.queenalice.com/game.php?id=535325"]
[Date "2009.2.5"]
[Round "-"]
[White "subzila"]
[Black "GeorgeAlexander"]
[Result "0-1"]
[WhiteElo "1593"]
[BlackElo "1534"]

1. e4 e5 2. Nf3 Nf6 3. Nxe5 Nxe4 4. Qe2 d5 5. c4 c5 6. f3 Nc6 7. Nxc6 Qg5 8.
fxe4 Bg4 9. Qf2 bxc6 10. cxd5 cxd5 11. Bb5+ Kd8 12. O-O a6 13. d4 Qg6 14. Bc6
Qxc6 15. Qxf7 dxe4 16. Bg5+ Kc8 17. Kh1 h6 18. Be3 c4 19. Nc3 Be6 20. Qg6 Kb7
21. d5 Bxd5 22. Qg4 h5 23. Qh4 a5 24. Nxd5 Qxd5 25. Rfd1 g5 26. Rxd5 gxh4 27.
Rf1 Kc6 28. Rg5 Be7 29. Rg6+ Bd6 30. Rc1 Raf8 31. Rxc4+ Kb5 32. b3 Rf1+ 33. Bg1
Bc5 34. Rxc5+ Kb4 35. Rb6+ Ka3 36. Rxa5+ Kb2 37. Re6 Rd8 38. Rxe4 Rdd1 39. Re2+
Ka1 40. h3 Rxg1+ 41. Kh2 Rh1# 0-1

[Event "AUTO-INT-1079"]
[Site "http://www.queenalice.com/game.php?id=536217"]
[Date "2009.2.6"]
[Round "2"]
[White "chunyi2012"]
[Black "GeorgeAlexander"]
[Result "1-0"]
[WhiteElo "1863"]
[BlackElo "1512"]

1. e4 e5 2. Nf3 Nf6 3. Nc3 Nc6 4. d4 d5 5. dxe5 d4 6. exf6 dxc3 7. Qxd8+ Nxd8 8.
e5 Bb4 9. b3 Bf5 10. Nd4 g6 11. Bc4 Be4 12. O-O c5 13. Nb5 O-O 14. Bh6 Ne6 15.
Bxf8 Nxf8 16. Rac1 a6 17. Nd6 Ba3 18. Bxf7+ Kh8 19. Nxe4 Ra7 20. Rcd1 b5 21. Bd5
Nd7 22. f4 Rc7 23. Nxc3 c4 24. Ne2 Nc5 25. Rf3 a5 26. Rh3 a4 27. bxc4 bxc4 28.
Bxc4 Ne4 29. Rd8+ 1-0

[Event "AUTO-INT-1079"]
[Site "http://www.queenalice.com/game.php?id=536218"]
[Date "2009.2.6"]
[Round "2"]
[White "GeorgeAlexander"]
[Black "chunyi2012"]
[Result "0-1"]
[WhiteElo "1527"]
[BlackElo "1856"]

1. e4 c5 2. d4 Qb6 3. Nf3 d6 4. c4 Bg4 5. Nc3 cxd4 6. c5 dxc5 7. Nd5 Qd8 8. Bb5+
Bd7 9. Qa4 a6 10. Nb6 Bxb5 11. Qa5 Ra7 12. Bg5 Nc6 13. O-O-O Nxa5 14. Nd5 f6 15.
Bf4 Bc4 16. Bc7 Qd7 17. Bxa5 b6 18. Bxb6 Rb7 19. Bxc5 Bxd5 20. Rxd4 Qc6 21. Rxd5
e6 22. Rh5 Bxc5 23. Ne1 Be3+ 0-1

[Event "AUTO-OPEN-1433"]
[Site "http://www.queenalice.com/game.php?id=536282"]
[Date "2009.2.7"]
[Round "1"]
[White "alesson"]
[Black "GeorgeAlexander"]
[Result "1-0"]
[WhiteElo "1670"]
[BlackElo "1552"]

1. e4 d5 2. exd5 Qxd5 3. b3 Qe5+ 4. Ne2 Qxa1 5. Nbc3 Bg4 6. f3 Bf5 7. g4 Bd7 8.
d4 a5 9. Bh3 b5 10. O-O b4 11. Nb5 Bxb5 12. c4 Bxc4 13. bxc4 Qxa2 14. c5 e5 15.
dxe5 Bxc5+ 16. Kh1 Nc6 17. Bf4 f6 18. exf6 Nxf6 19. g5 Nh5 20. Bd7+ Ke7 21. Bxc6
Rad8 22. Qc1 Qxe2 23. Re1 Be3 24. Rxe2 Nxf4 25. Qxe3+ Kd6 26. Qxf4+ Kxc6 27.
Qc4+ Kb6 28. Re6+ Rd6 29. Rxd6+ cxd6 30. Qd4+ Kc6 31. Qxg7 Rb8 32. Qxh7 b3 33.
Qe4+ d5 34. Qe6+ Kc5 35. Qe7+ Kb6 36. Qd6+ Ka7 37. Qc7+ Rb7 38. Qxa5+ Kb8 39.
Qd8+ Ka7 40. Qxd5 1-0

[Event "AUTO-OPEN-1433"]
[Site "http://www.queenalice.com/game.php?id=536283"]
[Date "2009.2.7"]
[Round "1"]
[White "GeorgeAlexander"]
[Black "alesson"]
[Result "0-1"]
[WhiteElo "1524"]
[BlackElo "1628"]

1. e4 e5 2. d4 Qf6 3. Nf3 exd4 4. Bg5 Qg6 5. Qxd4 Nc6 6. Qe3 h6 7. Bh4 Be7 8.
Nc3 Bxh4 9. O-O-O a6 10. Bd3 Qxg2 11. Nd5 Bd8 12. Rhg1 Qh3 13. Rxg7 d6 14. e5
dxe5 15. Nxe5 Nxe5 16. Qxe5+ Qe6 17. Qxe6+ Bxe6 18. Bh7 Bg5+ 19. f4 Bxd5 20.
fxg5 hxg5 21. Rxd5 Nf6 22. Re5+ Kf8 23. Rgxg5 Rxh7 24. h4 Rxh4 25. Rc5 Ne4 26.
Rc4 Rh1+ 0-1

[Event "AUTO-OPEN-1433"]
[Site "http://www.queenalice.com/game.php?id=536306"]
[Date "2009.2.7"]
[Round "1"]
[White "GeorgeAlexander"]
[Black "josecastroman"]
[Result "0-1"]
[WhiteElo "1541"]
[BlackElo "1913"]

1. e4 e5 2. Nf3 Nc6 3. d4 exd4 4. Nxd4 Bc5 5. Be3 Qf6 6. Nc3 Bxd4 7. Nd5 Qe5 8.
Bd3 Bxe3 9. Nxe3 Nf6 10. c3 d6 11. O-O a6 12. Qa4 O-O 13. Rae1 Qg5 14. f4 Qh6
15. Nf5 Bxf5 16. exf5 b5 17. Qc2 Rae8 18. Be4 d5 19. Bd3 Rxe1 20. Rxe1 Qxf4 21.
a4 Ng4 22. g3 Qxa4 23. b3 Qa5 24. h3 Qb6+ 25. Kg2 Ne3+ 26. Rxe3 Qxe3 27. g4 Ne5
28. Be2 Re8 29. c4 d4 0-1

[Event "AUTO-OPEN-1433"]
[Site "http://www.queenalice.com/game.php?id=536307"]
[Date "2009.2.7"]
[Round "1"]
[White "josecastroman"]
[Black "GeorgeAlexander"]
[Result "1-0"]
[WhiteElo "1924"]
[BlackElo "1508"]

1. e4 e5 2. Nf3 Nf6 3. Nc3 d5 4. exd5 Bg4 5. h3 Bxf3 6. Qxf3 Nbd7 7. Bb5 a6 8.
Ba4 e4 9. Nxe4 b5 10. Bb3 a5 11. a3 a4 12. Ba2 Bd6 13. d3 Qe7 14. O-O c5 15. Bg5
O-O 16. Rae1 Ne5 17. Nxf6+ gxf6 18. Bxf6 Nxf3+ 19. gxf3 Qxf6 20. Re4 Qg6+ 21.
Rg4 Rae8 22. Rxg6+ fxg6 23. Kg2 Rf4 24. c4 b4 25. axb4 cxb4 26. b3 Bc5 27. bxa4
Re2 28. Kg3 g5 29. Bb1 h5 30. Kg2 g4 31. hxg4 hxg4 32. d4 gxf3+ 33. Kg3 Bd6 34.
c5 Rxd4+ 35. cxd6 Rxd5 36. Kxf3 Rde5 37. Rd1 Kf8 38. d7 Re7 39. d8=Q+ Re8 40.
Qf6+ Kg8 41. Rd7 1-0

[Event "AUTO-OPEN-1433"]
[Site "http://www.queenalice.com/game.php?id=536308"]
[Date "2009.2.7"]
[Round "1"]
[White "GeorgeAlexander"]
[Black "Gera10"]
[Result "1-0"]
[WhiteElo "1499"]
[BlackElo "1328"]

1. e4 e5 2. Nf3 Nc6 3. d4 exd4 4. Bg5 Be7 5. Bb5 a6 6. Bxc6 bxc6 7. Qxd4 h6 8.
Bxe7 Nxe7 9. Qxg7 Rf8 10. Ne5 d6 11. Nxf7 Rxf7 12. Qh8+ Rf8 13. Qxh6 Ng8 14.
Qh5+ Rf7 15. e5 Qe7 16. f4 dxe5 17. fxe5 Bf5 18. Qe2 Qe6 19. O-O c5 20. Na3
O-O-O 21. Rad1 Bh3 22. Rxf7 Qxf7 23. Qxa6+ Kb8 24. Rxd8+ Bc8 25. Rxc8# 1-0

[Event "AUTO-OPEN-1433"]
[Site "http://www.queenalice.com/game.php?id=536309"]
[Date "2009.2.7"]
[Round "1"]
[White "Gera10"]
[Black "GeorgeAlexander"]
[Result "1-0"]
[WhiteElo "1395"]
[BlackElo "1539"]

1. e4 e5 2. Nf3 Nf6 3. d4 d5 4. Nxe5 Nxe4 5. Nc3 c6 6. Bd3 f5 7. Bxe4 dxe4 8. a3
c5 9. d5 c4 10. Qe2 Bd6 11. Qh5+ g6 12. Nxg6 hxg6 13. Qxh8+ Bf8 14. Qe5+ Be7 15.
d6 Nc6 16. Qh8+ Bf8 17. Nb5 a6 18. Nc7+ Kd7 19. Nxa8 b5 20. Bf4 Bb7 21. Nc7 a5
22. Qh7+ Kc8 23. Rd1 g5 24. d7+ Kb8 25. Nxb5+ gxf4 26. Qxf5 f3 27. Qxe4 fxg2 28.
Qxg2 Qe7+ 29. Kf1 Ne5 30. d8=Q+ 1-0

[Event "Challenge!!!"]
[Site "http://www.queenalice.com/game.php?id=543607"]
[Date "2009.2.20"]
[Round "-"]
[White "GeorgeAlexander"]
[Black "dallascow"]
[Result "0-1"]
[WhiteElo "1550"]
[BlackElo "1437"]

1. e4 Na6 2. d4 e6 3. Bxa6 bxa6 4. Qg4 Nf6 5. Qf4 Nh5 6. Qg5 Qxg5 7. Bxg5 Rb8 8.
Nf3 Rxb2 9. c4 Bb4+ 10. Nbd2 O-O 11. a3 f6 12. O-O-O Bxa3 13. d5 Rxd2+ 14. Kxd2
fxg5 15. Ra1 Bb4+ 16. Ke3 exd5 17. g4 Bc5+ 18. Nd4 Rf4 19. f3 dxe4 20. fxe4 Nf6
21. h4 Nxg4+ 22. Kd2 Bxd4 23. Ra5 Rxe4 24. Kd3 Nf6 25. hxg5 d5 26. cxd5 Bf5 27.
d6 c5 28. Rxa6 Re1+ 29. Kc4 Be6+ 30. Kb5 Bd7+ 31. Rc6 Rxh1 32. Ka6 Bxc6 33. Kxa7
c4+ 0-1

[Event "AUTO-OPEN-1480"]
[Site "http://www.queenalice.com/game.php?id=557286"]
[Date "2009.3.17"]
[Round "1"]
[White "gmoney1970"]
[Black "GeorgeAlexander"]
[Result "1-0"]
[WhiteElo "1777"]
[BlackElo "1517"]

1. e3 d5 2. c4 dxc4 3. Bxc4 e5 4. Qh5 Qe7 5. b3 Nf6 6. Qf3 Bg4 7. Qxb7 c5 8.
Qxa8 Qc7 9. Nc3 Bd6 10. Nb5 Qb6 11. Qxa7 Nbd7 12. Qxb6 Nxb6 13. Nxd6+ Kd8 14.
Nxf7+ 1-0

[Event "AUTO-OPEN-1480"]
[Site "http://www.queenalice.com/game.php?id=557287"]
[Date "2009.3.17"]
[Round "1"]
[White "GeorgeAlexander"]
[Black "gmoney1970"]
[Result "0-1"]
[WhiteElo "1514"]
[BlackElo "1773"]

1. e4 e6 2. d4 c5 3. d5 e5 4. Bb5 a6 5. Nf3 axb5 6. Bg5 f6 7. Bh4 g5 8. Bg3 Bg7
9. O-O b4 10. c4 Nh6 11. h4 O-O 12. a4 bxa3 13. Rxa3 Rxa3 14. bxa3 b6 15. Nc3
Ba6 16. Qd3 f5 17. hxg5 Ng4 18. exf5 e4 0-1

[Event "AUTO-OPEN-1480"]
[Site "http://www.queenalice.com/game.php?id=557310"]
[Date "2009.3.17"]
[Round "1"]
[White "marcos_schaaf"]
[Black "GeorgeAlexander"]
[Result "1-0"]
[WhiteElo "1663"]
[BlackElo "1508"]

1. e4 e5 2. Nf3 Nf6 3. Bc4 Bb4 4. c3 Qe7 5. cxb4 d5 6. exd5 e4 7. d6 Qxd6 8. Ng5
Be6 9. Nxe6 fxe6 10. O-O Qd4 11. Bxe6 Nc6 12. Nc3 Qxb4 13. Re1 Nd4 14. Nd5 Nxd5
15. Bxd5 O-O-O 16. Bxe4 Rhe8 17. a3 Qe7 18. Bxb7+ Kxb7 19. Rxe7 Rxe7 20. d3 Rd5
21. Be3 g5 22. Bxd4 Rxd4 23. Rc1 1-0

[Event "AUTO-OPEN-1480"]
[Site "http://www.queenalice.com/game.php?id=557311"]
[Date "2009.3.17"]
[Round "1"]
[White "GeorgeAlexander"]
[Black "marcos_schaaf"]
[Result "0-1"]
[WhiteElo "1508"]
[BlackElo "1674"]

1. e4 e5 2. Nf3 Nf6 3. Bb5 c6 4. Qe2 cxb5 5. Qxb5 Nc6 6. d4 exd4 7. e5 a6 8. Qc4
Bb4+ 9. Bd2 Bxd2+ 10. Nbxd2 Qe7 11. O-O Nxe5 12. Nxe5 O-O 13. Qxd4 d6 14. Rae1
dxe5 15. Rxe5 Qc7 16. c4 Bd7 17. Re7 Rfe8 18. Rfe1 Rxe7 19. Rxe7 Qd8 20. Qd6 Ne8
21. Qxd7 Nf6 22. Qxb7 Rb8 23. Qc7 Rc8 24. Qe5 Qxd2 0-1